000
00188nam a2200073Ia 4500
008
170817s9999 xx 000 0 und d
100
_a
SMITH D.
245
0
_a
METHODS OF EDUCATIONAL MEASURMENT
260
_b
COMMONWEALTH PUB.
999
_c
36793
_d
36793